| 000 | 02022nam a22004094a 4500 | ||
|---|---|---|---|
| 001 | ebr10058522 | ||
| 003 | CaPaEBR | ||
| 006 | m u | ||
| 007 | cr cn||||||||| | ||
| 008 | 030128s2003 caua sb 001 0 eng | ||
| 010 | _z 2003001852 | ||
| 020 | _z0520235967 (hbk. : alk. paper) | ||
| 020 | _z0520235975 (pbk. : alk. paper) | ||
| 040 |
_aCaPaEBR _cCaPaEBR |
||
| 035 | _a(OCoLC)228064290 | ||
| 050 | 1 | 4 |
_aHN290.R5 _bG58 2003eb |
| 082 | 0 | 4 |
_a305.5/68/098153 _221 |
| 100 | 1 | _aGoldstein, Donna M. | |
| 245 | 1 | 0 |
_aLaughter out of place _h[electronic resource] : _brace, class, violence, and sexuality in a Rio shantytown / _cDonna M. Goldstein. |
| 260 |
_aBerkeley : _bUniversity of California Press, _cc2003. |
||
| 300 |
_axxiii, 349 p. : _bill. |
||
| 490 | 1 | _aCalifornia series in public anthropology | |
| 504 | _aIncludes bibliographical references and index. | ||
| 505 | 0 | _aLaughter out of place -- The aesthetics of domination -- Color-blind erotic democracies, black consciousness politics, and the black Cinderellas of Felicidade Eterna -- No time for childhood -- State terror, gangs, and everyday violence in Rio de Janeiro -- Partial truths, or, the carnivalization of desire -- What's so funny about rape? | |
| 533 |
_aElectronic reproduction. _bPalo Alto, Calif. : _cebrary, _d2013. _nAvailable via World Wide Web. _nAccess may be limited to ebrary affiliated libraries. |
||
| 650 | 0 |
_aMarginality, Social _zBrazil _zRio de Janeiro. |
|
| 650 | 0 |
_aPoor _zBrazil _zRio de Janeiro. |
|
| 650 | 0 |
_aPoor _zBrazil _zRio de Janeiro _vHumor. |
|
| 650 | 0 |
_aSlums _zBrazil _zRio de Janeiro. |
|
| 650 | 0 |
_aViolence _zBrazil _zRio de Janeiro. |
|
| 650 | 0 |
_aSex _zBrazil _zRio de Janeiro. |
|
| 651 | 0 |
_aRio de Janeiro (Brazil) _xRace relations. |
|
| 655 | 7 |
_aElectronic books. _2local |
|
| 710 | 2 | _aebrary, Inc. | |
| 830 | 0 | _aCalifornia series in public anthropology. | |
| 856 | 4 | 0 |
_uhttp://site.ebrary.com/lib/rucke/Doc?id=10058522 _zAn electronic book accessible through the World Wide Web; click to view |
| 999 |
_c70650 _d70650 |
||